Vegyesek

Elmentve itt :
Bibliográfiai részletek
Szerző: Kemény Ferenc
Dokumentumtípus: Cikk
Megjelent: 1912
Sorozat:Magyar pedagógia : a Magyar Tudományos Akadémia Pedagógiai Bizottságának folyóirata 21
Kulcsszavak:Oktatásügy nemzetközi
Online Access:http://misc.bibl.u-szeged.hu/9012
LEADER 00620nab a2200181 i 4500
001 misc9012
005 20191106143634.0
008 170607s1912 hu o 0|| hun d
022 |a 0025-0260 
040 |a SZTE Miscellanea Repozitórium  |b hun 
041 |a hun 
100 1 |a Kemény Ferenc 
245 1 0 |a Vegyesek  |h [elektronikus dokumentum] /  |c  Kemény Ferenc 
260 |c 1912 
300 |a 527-528 
490 0 |a Magyar pedagógia : a Magyar Tudományos Akadémia Pedagógiai Bizottságának folyóirata  |v 21 
695 |a Oktatásügy nemzetközi 
856 4 0 |u http://misc.bibl.u-szeged.hu/9012/1/mp_1912_527-528.pdf  |z Dokumentum-elérés